Les chansons de Marie-Maud - Star Academy 2023 - Statistiques

Statistiques générales
  • Ce quiz a été pris 54 fois
  • Le résultat moyen est 9 sur 22
Statistiques - réponses
Prime / Eval Moment Avec Réponse % Correct
Chanson Hymne (Prime 2) Tous les élèves Au bout de mes rêves
83%
Chanson Prime 1 Solo Dernière danse
80%
Artiste original Prime 1 Solo Indila
78%
Artiste original Hymne (Prime 2) Tous les élèves Jean-Jacques Goldman
78%
Chanson Prime 2 Toutes les filles (sauf nominées) Will survive / Survivor
58%
Chanson Prime 4 Solo Flamme
53%
Artiste original Prime 4 Solo Juliette Armanet
45%
Artiste original Prime 2 Tous les élèves (sauf nominés) Pascal Obispo
45%
Artiste original Eval 3 Hélèna Véronique sanson
45%
Chanson Eval 3 Hélèna Chanson sur une drôle de vie
43%
Chanson Eval 1 Solo Si j'étais une autre
38%
Chanson Prime 2 Tous les élèves (sauf nominés) L'important c'est d'aimer
35%
Artiste original Prime 4 Hélèna Beyoncé
25%
Artiste original Prime 3 Solo Adele
23%
Chanson Prime 3 Tous les élèves Heal The world
23%
Artiste original Prime 2 Toutes les filles (sauf nominées) Série Glee
23%
Chanson Prime 4 Hélèna If i were a boy
20%
Artiste original Prime 3 Tous les élèves Mickael Jackson
20%
Artiste original Eval 1 Solo Shaby
15%
Chanson Eval 2 Solo Torn
15%
Chanson Prime 3 Solo Make you feel my love
13%
Artiste original Eval 2 Solo Nathalie Imbruglia
3%
Aucun quiz correspondant
Distribution des résultats
% des personnes avec chaque résultat
Percentile par nombre de réponses
Votre historique - résultats
Vous n’avez pas pris ce quiz